[Event "Newmarket EACU op"]
[Site "Newmarket"]
[Date "2015.05.30"]
[Round "1"]
[White "De Coverly, Roger D"]
[Black "Dempster, Dave"]
[Result "1-0"]
[WhiteElo "1996"]
[BlackElo "1975"]
[PlyCount "117"]
[EventDate "2015.05.30"]
[EventType "swiss"]
[EventRounds "5"]
[EventCountry "ENG"]
[SourceTitle "CBM 166 Extra"]
[Source "ChessBase"]
[SourceDate "2015.06.18"]
[SourceVersion "1"]
[SourceVersionDate "2015.06.18"]
[SourceQuality "1"]

1. Nf3 Nf6 2. g3 g6 3. Bg2 Bg7 4. 0-0 0-0 5. c4 d6 6. d4 c6 7. Nc3 Qa5 8. e4 Bg4 9. h3 Bxf3 10. Bxf3 e5 11. d5 cxd5 12. cxd5 Nbd7 13. a3 Rfc8 14. Be3 a6 15. Bg2 Qd8 16. Rc1 b5 17. Qe2 Rab8 18. Na2 Rxc1 19. Rxc1 Rc8 20. Nb4 Rxc1+ 21. Bxc1 Nc5 22. Nc6 Qc7 23. Qc2 Kf8 24. Bd2 Nfd7 25. Ba5 Nb6 26. b3 Bh6 27. Bf3 Nb7 28. Be1 Nc5 29. Bd1 Nb7 30. a4 bxa4 31. bxa4 Nd7 32. Kg2 Ndc5 33. a5 Nd8 34. Nxd8 Qxd8 35. Qb1 Qc8 36. Qb6 Ke7 37. Bg4 f5 38. exf5 gxf5 39. Qa7+ Qd7 40. Qxd7+ Nxd7 41. Bxf5 Nf6 42. Bd3 Nxd5 43. Bxa6 Bc1 44. Bb7 Nc7 45. a6 Nb5 46. Ba5 Ba3 47. Be4 h6 48. Bd2 Bc5 49. Bxh6 Nc7 50. Bb7 d5 51. h4 e4 52. Bg5+ Kd7 53. h5 d4 54. h6 e3 55. fxe3 dxe3 56. Kf3 Ne6 57. Bxe3 Bxe3 58. Kxe3 Kc7 59. h7 1-0

[Event "Newmarket EACU op"]
[Site "Newmarket"]
[Date "2015.05.30"]
[Round "3"]
[White "Dempster, Dave"]
[Black "Stewart, Ashley"]
[Result "0-1"]
[WhiteElo "1975"]
[BlackElo "2065"]
[PlyCount "50"]
[EventDate "2015.05.30"]
[EventType "swiss"]
[EventRounds "5"]
[EventCountry "ENG"]
[SourceTitle "CBM 166 Extra"]
[Source "ChessBase"]
[SourceDate "2015.06.18"]
[SourceVersion "1"]
[SourceVersionDate "2015.06.18"]
[SourceQuality "1"]

1. e4 c5 2. b3 d6 3. Bb2 Nc6 4. Bb5 e5 5. Ne2 Nge7 6. 0-0 g6 7. d3 Bg7 8. f4 0-0 9. a4 Nd4 10. h3 Be6 11. Nd2 d5 12. Nxd4 exd4 13. Qe2 a6 14. exd5 Nxd5 15. Bc4 Ne3 16. Rf2 Bd7 17. a5 Re8 18. Qf3 Bc6 19. Qg3 Nxc2 20. Rc1 Ne3 21. Re2 Qxa5 22. Nf3 Nf5 23. Qe1 Qxe1+ 24. Rcxe1 Rxe2 25. Rxe2 b5 0-1